INSTRUMENTAL METHODS OF ANALYSIS (MERRIT) (Record no. 269970)

MARC details
000 -LEADER
fixed length control field 00351pam a2200133a 44500
008 - FIXED-LENGTH DATA ELEMENTS--GENERAL INFORMATION
fixed length control field 230405s1986 xxu||||| |||| 00| 0 eng d
041 ## - LANGUAGE CODE
Language code of text/sound track or separate title ENG
100 ## - MAIN ENTRY--PERSONAL NAME
Personal name WILLARD MERRITT
245 ## - TITLE STATEMENT
Title INSTRUMENTAL METHODS OF ANALYSIS (MERRIT)
250 ## - EDITION STATEMENT
Edition statement 1
260 ## - PUBLICATION, DISTRIBUTION, ETC.
Place of publication, distribution, etc. NEW YORK
Name of publisher, distributor, etc. WILEY INTERSCIENCE PUBLICATION NEW YORK
Date of publication, distribution, etc. 1986
300 ## - PHYSICAL DESCRIPTION
Extent 895
906 ## - LOCAL DATA ELEMENT F, LDF (RLIN)
a 4531
Holdings
Withdrawn status Lost status Damaged status Not for loan Collection Home library Current library Date acquired Source of acquisition Cost, normal purchase price Total Checkouts Full call number Barcode Date last seen Price effective from Koha item type
          College of Pharmacy, Kolhapur College of Pharmacy, Kolhapur 14/04/2023 SAI BOOK CENTRE 308.00   543.08 PCK-M-2587 14/04/2023 14/04/2023 Book
          College of Pharmacy, Kolhapur College of Pharmacy, Kolhapur 14/04/2023 SAI BOOK CENTRE 308.00   543.08 PCK-M-2583 14/04/2023 14/04/2023 Book